000 00289nam a22001337a 4500
008 171122b xxu||||| |||| 00| 0 eng d
020 _a9780669416398
041 _aeng
080 _a54
100 _a37
101 _aMAT
245 _aINTERMEDIATE ALGEBRA
_cLARSON.H
942 _2udc
_cBK
999 _c38294
_d38294